CSW24 2 Letter Words - Statistics

General Stats
  • This quiz has been taken 123 times
  • The average score is 74 of 127
Answer Stats
Hint Answer % Correct
AA
93%
AB
93%
AD
93%
AE
93%
AI
93%
AL
87%
AR
87%
AS
87%
AT
87%
BY
87%
AG
80%
AH
80%
AM
80%
AN
80%
AW
80%
AX
80%
AY
80%
BA
80%
BE
80%
BI
80%
BO
73%
CSW# CH
73%
DA
73%
DE
67%
CSW# DI
67%
DO
67%
CSW# EE
67%
EW
67%
EX
67%
FA
67%
CSW# FY
67%
HA
67%
HM
67%
CSW# IO
67%
CSW# JA
67%
KA
67%
LA
67%
MA
67%
ME
67%
MI
67%
MM
67%
MY
67%
NA
67%
NU
67%
CSW# NY
67%
CSW# EA
60%
ED
60%
EF
60%
EH
60%
EL
60%
EM
60%
EN
60%
ER
60%
ES
60%
ET
60%
FE
60%
GO
60%
CSW# GU
60%
HE
60%
HI
60%
HO
60%
IN
60%
IT
60%
JO
60%
KI
60%
CSW# KO
60%
CSW# KY
60%
LI
60%
LO
60%
MO
60%
MU
60%
NE
60%
NO
60%
CSW# OO
60%
GI
53%
IS
53%
CSW# OB
53%
OD
53%
OP
53%
SI
53%
CSW# ST
53%
OI
47%
ID
47%
IF
47%
OE
47%
ON
47%
OS
47%
CSW# OU
47%
OY
47%
PA
47%
PE
47%
PI
47%
PO
47%
QI
47%
SH
47%
SO
47%
TA
47%
TE
47%
TI
47%
CSW# UG
47%
UP
47%
OF
40%
OH
40%
OK
40%
OM
40%
OR
40%
OW
40%
OX
40%
RE
40%
TO
40%
UH
40%
UM
40%
UN
40%
CSW# UR
40%
US
40%
UT
40%
YA
40%
YE
40%
YO
40%
CSW# YU
40%
ZA
40%
CSW# ZE
40%
CSW# ZO
40%
WE
33%
WO
33%
XI
33%
XU
27%
No matching quizzes found
Score Distribution
Percent of People with Each Score
Percentile by Number Answered
Your Score History
You have not taken this quiz